LIBRARY & INFORMATION CENTRE, KCAET, TAVANUR

ONLINE PUBLIC ACCESS CATALOGUE (OPAC)

Thermal engineering / (Record no. 96)

MARC details
000 -LEADER
fixed length control field 00423cam a2200181ua 4500
003 - CONTROL NUMBER IDENTIFIER
control field OSt
003 - CONTROL NUMBER IDENTIFIER
control field OSt
008 - FIXED-LENGTH DATA ELEMENTS--GENERAL INFORMATION
fixed length control field 250306b |||||||| |||| 00| 0 eng d
041 ## - LANGUAGE CODE
Language code of text/sound track or separate title eng
082 ## - DEWEY DECIMAL CLASSIFICATION NUMBER
Classification number 621.402
Item number BAL/TH
100 ## - MAIN ENTRY--AUTHOR NAME
Personal name Ballaney, P L.
245 ## - TITLE STATEMENT
Title Thermal engineering /
250 ## - EDITION STATEMENT
Edition statement 14 /
260 ## - PUBLICATION, DISTRIBUTION, ETC. (IMPRINT)
Place of publication New Delhi :
Name of publisher Khanna publishers ,
Year of publication 1985.
300 ## - PHYSICAL DESCRIPTION
Number of Pages 1734 ; .
700 1# - ADDED ENTRY--PERSONAL NAME
Personal name Ballaney, P L .
942 ## - ADDED ENTRY ELEMENTS (KOHA)
Koha item type Books
Holdings
Withdrawn status Lost status Damaged status Home library Current library Date acquired Full call number Accession Number Koha item type Shelving location
      KAUAET KAUAET 26/03/1986 621.402 BAL/TH 15167 Books  
      KAUAET KAUAET 26/03/1986 621.402 BAL/TH 15153 Books  
      KAUAET KAUAET 26/03/1986 621.402 BAL/TH 15151 Books Binding Shelf
      KAUAET KAUAET 26/03/1986 621.402 BAL/TH 15171 Books  
    Damaged KAUAET KAUAET 26/03/1986 621.402 BAL/TH 15165 Books Binding Shelf
      KAUAET KAUAET 26/03/1986 621.402 BAL/TH 15166 Books  
free website counter